000 00636nam a2200241Ia 4500
003 OSt
005 20220924121126.0
006 a|||||r|||| 00| 0
007 ta
008 220923b |||||||| |||| 00| 0 urd d
020 _c40.00
024 _a314441
037 _cTextual
040 _aARTS
_cARTS
_burd
041 _2urd
_aurd
082 _aO168,1N23,12, M3
100 _aNazmi Asghar Mehdi
_9184411
245 0 _aSaaz-o-Aawaz
260 _aGaziabad
_bHindustani India
_c1983
650 _aURDU POETRY
942 _hO168,1N23,12, M3
_cTEXL
_2CC
999 _c405971
_d405971